00672nam a22002057a 4500003000500000005001700005008004100022010001000063011001000073035001000083040000900093100001800102245005600120260011500176300000900291490003300300650005600333650004400389830003300433CHAP20220817042643.0971013s1980 at r 00010 eng d a51156 a52128 a56278 cCHAP00aWalker, P. A.1 aDesing criteria for a geographic information system aCamberra :bCommonwealth Scientific and Industrial Research Organization. Division of Land Use Research,c1980 a5 h. 0aDocumento de trabajov; 80/214aProcesamiento automático de datos en geografía.14aSistemas de Información Geográfica.0 aDocumento de trabajov; 80/2